00489nam a22001697a 450000500170000001000150001702000260003203500130005803700130007108200130008410000160009724500850011326000330019827000460023130000230027750000190030020140811103629.0 aENG-110355 a9789350621806c495.00 aEN-93887 bDBAD/PUB a658.4034 aApte, D. P. aOperations research and quantitative techniques :cby D P Aptebusing MS Excel / aNew DelhibExcel Booksc2013 aA-45, Naraina, Phase IbNew Delhie110028 ax,744p.c28cm(pbk) aIncludes index